00639 2200229 4500001002100000005001700021008004100038020001800079035002400097082001100121090001800132100002100150245004300171260007100214300003000285500003100315650001700346850001500363985000600378986001000384999001500394YOGYA-0209000000337620090227020624.0 ind  a0-471-87445-0 0010-020900000003376 a551.46 a551.46bBis A aBISHOP, Joseph M aApplied oceanographycJoseph M. Bishop aNew YorkbA Wiley-interscience publication John wiley & Sonsc1984 axiv, 252 hlmbilusc24 cm aBibliografi : hlm. 239-244 aIlmu Samudra aYOPDYOG(B) a1 artrev aA000011147